Регионална библиотека "Любен Каравелов" - Русе

Октопод (Запис номер 131544)

MARC детайли
000 -Лидер
Контролно поле с фиксирана дължина 01724nam a2200421 c 4500
003 - Код на организацията, давaща контролен номер
Контролно поле BLK
005 - Дата и час на последна редакция
Контролно поле 20200306090240.0
008 - Елементи от данни с фиксирана дължина
fixed length control field 180409b bul|||||r ||||||| ||bul||
010 ## - Наследен системен номер
LC control number KNG00137367000
020 ## - Международен стандартен номер на книга ISBN
Международен стандартен номер на книга ISBN 978-954-9493-62-7
-- издат.: Симолини
040 ## - Източник на каталожния запис
Идентификатор на билиотеката - собственик на записа BLK
041 ## - Код за език
Код за езика на текст/звукозапис или на отделно заглавие Български
Код за езика КДБФ Български
072 #7 - Код за тематичната категория
Код организация bullib
Код за тематична категория Н32
Текст Политика Н
080 ## - УДК
Текстов определител УДК Корупция
УДК код - определител по УДК 328.185
УДК определител (497.2)
УДК - код + определител 328.185(497.2)
080 ## - УДК
Текстов определител УДК Връзка на парламента и правителството с обществеността
УДК код - определител по УДК 328.18
УДК определител (497.2)
УДК - код + определител 328.18(497.2)
080 ## - УДК
Текстов определител УДК Футбол
УДК код - определител по УДК 796.332
УДК определител (497.2)
УДК - код + определител 796.332(497.2)
100 1# - Редна дума - Автор
Автор Томов, Александър Трифонов
Авторска отговорност първи автор
R(LIN) 371071
139 ## - Редно поле
Редна дума Томов, Александър Трифонов
Авторски знак Томо - Т 70
245 10 - Сведения за заглавието
Заглавие Октопод
Подзаглавни данни Полит. корупция в България : Заговорът срещу "Кремиковци" и ЦСКА 2007 - 2012
Редно поле (дума) Александър Трифонов Томов.
257 ## - Страна на издаване
Страна на създаване/издаване България
260 ## - Област на издателските данни
-- София
Име на издателя, разпространителя и проч. Симолини
Година на издаване 2012
Печатница София : Симолини 94
300 ## - Физическа характеристика
Страници 292 с.
Илюстрации и др. с факс.
Размери/Мащаб 20 см
380 ## - Жанр
Жанр Обществени науки
500 ## - Общи забележки
Забележка Изд. на Фонд. ХХІ век
650 #4 - Допълнително описание по предмет – тема
Основно описание – тема или топоним Корупция - България
9 (RLIN) 271870
650 #4 - Допълнително описание по предмет – тема
Основно описание – тема или топоним Политически процеси
9 (RLIN) 318233
653 ## - Ключова дума – ненормативна
Ключова дума корупция
653 ## - Ключова дума – ненормативна
Ключова дума заговори
653 ## - Ключова дума – ненормативна
Ключова дума чуждестранни инвеститори
653 ## - Ключова дума – ненормативна
Ключова дума Кремиковци
653 ## - Ключова дума – ненормативна
Ключова дума ЦСКА
659 ## - Тематичен бюлетин
Тематичен бюлетин Н
852 ## - Местоположение
Форматна сигнатура Цб 257470
856 4# - Електронен адрес и достъп
Електронен формат pdf - файл
Път до файла /url/
856 4# - Електронен адрес и достъп
Електронен формат pdf - файл
Път до файла /url/
942 ## - АРТИКУЛИ
Вид на библиотечния материал Книги
Скрит в OPAC Не
Koha issues (borrowed), all copies 1
944 ## - СЪЗДАВАНЕ И РЕДАКЦИЯ на ЗАПИСА
Създаване/Редакция Създаване
Дата на регистрацията/редакция 15.12.2012
Статус, дата на статуса ф /
Служител, извършил регистрацията/редакцията Геновева_Генчева
944 ## - СЪЗДАВАНЕ И РЕДАКЦИЯ на ЗАПИСА
Създаване/Редакция Редакция
Дата на регистрацията/редакция 09.01.2013
Статус, дата на статуса ф /
Служител, извършил регистрацията/редакцията
999 ## - СИСТЕМНИ КОНТРОЛНИ НОМЕРА
Koha biblionumber 131544
Koha biblioitemnumber 131544
Наличности
Код за отписване Код за изгубен артикул Код за повреда Коз за рестрикции Код за отдаване Артикулен № Име на библиотеката - собственик Име на библиотеката, в която се намира в момента Статус (Текущо местоположение) Дата на вписване в системата Местоположение - отдел Цена в лева Инвентарен номер Систематично азбучна сигнатура Баркод Номер на екземпляра Цена в евро Служебна бележка Служебен тип на артикула
  Не е изгубен Не е повреден без рестрикции заемане за дома 214620 Регионална библиотека "Любен Каравелов" Русе Регионална библиотека "Любен Каравелов" Русе Заемна - подръчен фонд 2012-12-16 Заемна - подръчен фонд 10.00 120000762474 П 328/Т 70 120000762474 1 5.11 Дост: Pk Вид: Ф N: 336 Дата: 10.12.2012 Дата инв: 02.02.2018 Бележки инв: П2018 Книги
Vip Innovations Ltd, Rousse, Bulgaria 2025